The ruins of Gorlan / (Record no. 287891)
[ view plain ]
| 000 -LEADER | |
|---|---|
| fixed length control field | 00478nam a2200169Ia 4500 |
| 008 - FIXED-LENGTH DATA ELEMENTS--GENERAL INFORMATION | |
| fixed length control field | 150610s9999 xx 000 0 und d |
| 020 ## - INTERNATIONAL STANDARD BOOK NUMBER | |
| International Standard Book Number | 9780142406632 |
| 050 ## - LIBRARY OF CONGRESS CALL NUMBER | |
| Classification number | PZ7 |
| Item number | .F598284Ru 2005 |
| 100 ## - MAIN ENTRY--PERSONAL NAME | |
| Personal name | Flanagan, John |
| 245 #4 - TITLE STATEMENT | |
| Title | The ruins of Gorlan / |
| Statement of responsibility, etc | John Flanagan. |
| 250 ## - EDITION STATEMENT | |
| Edition statement | 1st American ed. |
| 260 ## - PUBLICATION, DISTRIBUTION, ETC. (IMPRINT) | |
| Place of publication, distribution, etc | New York : |
| Name of publisher, distributor, etc | Puffin Books, |
| Date of publication, distribution, etc | 2005. |
| 300 ## - PHYSICAL DESCRIPTION | |
| Extent | 249pages ; |
| Dimensions | 20 cm. |
| 440 ## - SERIES STATEMENT/ADDED ENTRY--TITLE | |
| Title | Ranger's Apprentice; bk. 1 |
| Volume number/sequential designation | v.1 |
| 520 ## - SUMMARY, ETC. | |
| Summary, etc | Fiction. |
| 650 ## - SUBJECT ADDED ENTRY--TOPICAL TERM | |
| General subdivision | Fantasy. |
| Withdrawn status | Lost status | Damaged status | Home library | Current library | Shelving location | Date acquired | Total Checkouts | Full call number | Barcode | Date last seen | Price effective from | Koha item type |
|---|---|---|---|---|---|---|---|---|---|---|---|---|
| Stonyhurst Southville International School (Batangas) | Stonyhurst Southville International School (Batangas) | High School Section | 06/10/2015 | PZ .F598284Ru 2005 | US-1730 | 06/10/2015 | Books |